Forest - Twenty One Pilots Lyrics - Statistics

General Stats
  • This quiz has been taken 37 times
  • The average score is 319 of 409
Answer Stats
Lyrics % Correct
a
100%
a
100%
be
100%
be
100%
chorus
100%
chorus
100%
don't
100%
don't
100%
don't
100%
Down
100%
Down
100%
everybody
100%
everybody
100%
fire
100%
fire
100%
forest
100%
forest
100%
Verse 1 I
100%
I
100%
Pre-Chorus I
100%
Pre-Chorus I
100%
in
100%
in
100%
in
100%
in
100%
know
100%
knows
100%
knows
100%
name,
100%
name?
100%
on
100%
on
100%
on
100%
One
100%
One
100%
sing
100%
sing
100%
Chorus So
100%
Chorus So
100%
that
100%
that
100%
that
100%
that
100%
the
100%
the
100%
the
100%
the
100%
wanna
100%
wanna
100%
We
100%
We
100%
we
100%
We
100%
We
100%
we
100%
we'll
100%
we'll
100%
we'll
100%
we'll
100%
you
100%
you
100%
your
100%
your
100%
a
94%
all
94%
all
94%
anyone
94%
anyone
94%
anyone
94%
anyone
94%
around
94%
around
94%
be
94%
be
94%
be
94%
bother
94%
bother
94%
bother
94%
bother
94%
brain
94%
brain
94%
brain
94%
cause
94%
Cause
94%
cause
94%
Cause
94%
corner
94%
corner
94%
Does
94%
Does
94%
Does
94%
Does
94%
don't
94%
else
94%
else
94%
else
94%
else
94%
else
94%
else
94%
else
94%
else
94%
emotion
94%
feed
94%
for
94%
Hands
94%
Hands
94%
has
94%
has
94%
has
94%
has
94%
has
94%
heard
94%
held
94%
held
94%
higher,
94%
higher,
94%
I
94%
I
94%
I
94%
in
94%
it
94%
it
94%
It
94%
it
94%
it
94%
listened
94%
my
94%
Verse 2 My
94%
my
94%
name?
94%
name?
94%
name?
94%
Of
94%
Of
94%
on
94%
place
94%
place
94%
scream,
94%
scream
94%
scream
94%
scream,
94%
scream
94%
scream
94%
Singing
94%
Singing
94%
some
94%
someone
94%
someone
94%
someone
94%
someone
94%
songs
94%
songs
94%
stay
94%
stay
94%
stomach
94%
stomach
94%
terrified
94%
terrified
94%
That
94%
That
94%
That
94%
That
94%
The
94%
the
94%
There's
94%
to
94%
to
94%
wanna
94%
wanna
94%
we're
94%
we're
94%
why
94%
your
94%
your
94%
your
94%
a
88%
better
88%
better
88%
don't
88%
I
88%
inside
88%
let's
88%
let's
88%
lives
88%
lives
88%
lose
88%
lose
88%
nobody
88%
nobody
88%
of
88%
of
88%
our
88%
our
88%
something
88%
something
88%
think
88%
think
88%
a
82%
a
82%
ever
82%
food
82%
for
82%
given
82%
I
82%
I
82%
it
82%
might
82%
my
82%
poisoned
82%
that
82%
thought
82%
up
82%
up
82%
what
82%
what's
82%
what's
82%
when
82%
When
82%
wrote
82%
wrote
82%
you
82%
you
82%
your
82%
your
82%
a
76%
a
76%
are
76%
be?
76%
be
76%
for
76%
I
76%
I
76%
I
76%
my
76%
my
76%
Of
76%
on
76%
on
76%
some
76%
the
76%
to
76%
to
76%
to
76%
to
76%
what
76%
what
76%
why
76%
you
76%
a
71%
a
71%
are
71%
be
71%
be
71%
be
71%
be
71%
chorus
71%
chorus
71%
Chorus/Outro Down
71%
Down
71%
everybody
71%
fire
71%
fire
71%
fire
71%
fire
71%
fire
71%
flags
71%
forest
71%
forest
71%
hands
71%
hoisted
71%
I
71%
in
71%
in
71%
knows
71%
moving
71%
Moving
71%
My
71%
of
71%
on
71%
on
71%
on
71%
on
71%
on
71%
One
71%
sing
71%
sing
71%
that
71%
that
71%
that
71%
the
71%
the
71%
then
71%
Throws
71%
towards
71%
we'll
71%
we'll
71%
we'll
71%
we'll
71%
we'll
71%
we'll
71%
what
71%
when
71%
White
71%
eyes
65%
eyes
65%
Hands
65%
Hands
65%
Hands
65%
Hands
65%
Have
65%
held
65%
held
65%
held
65%
held
65%
higher,
65%
higher,
65%
higher,
65%
higher,
65%
is
65%
is
65%
is
65%
me?
65%
page
65%
Singing
65%
Singing
65%
Something
65%
songs
65%
songs
65%
squint
65%
storm
65%
took
65%
forward,
59%
Into
59%
is
59%
nobody
59%
nobody
59%
Verse 3 Quickly
59%
reason
59%
adore
53%
And
53%
had
53%
not
53%
not
53%
not
53%
not
53%
not
53%
pieces
53%
side
53%
This
53%
This
53%
This
53%
wrote
53%
wrote
53%
And
47%
And
47%
And
47%
done
47%
everything
47%
had
47%
little
47%
look
47%
make
47%
planned
47%
Please,
47%
torn
47%
understand
47%
different
41%
eyelashes
41%
King
41%
light
41%
planned
41%
reasons
41%
remember
41%
right
41%
right
41%
smell
41%
storms
41%
supposed
41%
supposed
41%
supposed
41%
Takes
41%
these
41%
This
41%
you're
41%
you're
41%
you're
41%
am
35%
enough
35%
form
35%
from
35%
gas
35%
imagination
35%
just
35%
just
35%
kingdom
35%
over
35%
see
35%
swing
35%
swinging
35%
who
35%
Comes
29%
find
29%
treehouse
29%
happened
24%
or
24%
squint
24%
becoming
18%
dire
18%
situation's
18%
No matching quizzes found
Score Distribution
Percent of People with Each Score
Percentile by Number Answered
Your Score History
You have not taken this quiz